| 000 | 005920000a22001810004500 | ||
|---|---|---|---|
| 003 | MACL | ||
| 005 | 20211110155500.0 | ||
| 008 | 160427b xxu||||| |||| 00| 0 eng d | ||
| 040 |
_aMACL _cMACL |
||
| 041 | _aHindi | ||
| 082 | _a800 | ||
| 100 |
_aगोविन्द्र चन्द्र पाण्डे _954465 |
||
| 245 | _aकालिदास और उनका युग | ||
| 260 |
_bराका प्रकाशन _c1998 _aइलाहाबाद |
||
| 350 | _a280 | ||
| 650 |
_aकाव्यालोना _954466 |
||
| 942 |
_cHIN _k891.433/PAN/S _2ddc |
||
| 999 |
_c17912 _d17912 |
||